000 00650nam a22001337a 4500
040 _crua
082 _aAGR NON 2021 B1-570 Or.
100 _aNON SOKNEAN នន់​ សុខ​នៀន
245 _aDIFFERENT LEVELS OF 21-21-21 FERTILIZER ON GROWTH AND YIELD OF BOK CHOY (Brassisca chinensis) កម្រិតជី ២១-២១-២១ ខុសគ្នាលើការលូតលាស់ និងទិន្នផលដំណាំស្ពៃតឿ
260 _aPHNOM PENH
_bRUA
_c2021
300 _aXI. 44P
_bVIII.
_c29CM
856 _uhttps://drive.google.com/file/d/1QU68yIOzA_UJG1L-XGzrfYEPJqV4H_WT/view?usp=sharing
942 _cAGR
999 _c22759
_d22759